[Event "GER-ch U08"]
[Site "Willingen"]
[Date "2024.05.25"]
[Round "7"]
[White "Guliyev, Kamran"]
[Black "Nune, Likhith Siddharth"]
[Result "0-1"]
[WhiteElo "1106"]
[BlackElo "1517"]
[PlyCount "66"]
[EventDate "2024.05.22"]
[EventType "swiss"]
[EventRounds "7"]
[EventCountry "GER"]
[SourceTitle "CBM 220 Extra"]
[Source "ChessBase"]
[SourceDate "2024.07.31"]
[SourceVersion "1"]
[SourceVersionDate "2024.07.31"]
[SourceQuality "1"]

1. e4 e5 2. Nf3 Nc6 3. Bc4 f5 4. d3 Bc5 5. 0-0 d6 6. exf5 Bxf5 7. Be3 Nf6 8. Nbd2 Bb6 9. a3 d5 10. Ba2 h6 11. h3 d4 12. Nxe5 Nxe5 13. Bf4 Ng6 14. Re1+ Ne7 15. Be5 Qd7 16. Bxf6 gxf6 17. Qh5+ Kd8 18. Qf7 Ng8 19. Qh5 Ne7 20. Qf7 Rg8 21. Qxf6 Rg6 22. Qh8+ Qe8 23. Qe5 Bxh3 24. g3 Rg5 25. Qe4 Rb8 26. Nc4 Bc5 27. b4 Bd6 28. Nxd6 cxd6 29. Qxd4 Qc6 30. f3 Rxg3+ 31. Kh2 Rg2+ 32. Kxh3 Qxf3+ 33. Kh4 Rh2# 0-1

[Event "GER-ch U08"]
[Site "Willingen"]
[Date "2024.05.23"]
[Round "3"]
[White "Tomovski, Leon"]
[Black "Nune, Likhith Siddharth"]
[Result "1-0"]
[WhiteElo "1297"]
[BlackElo "1517"]
[PlyCount "81"]
[EventDate "2024.05.22"]
[EventType "swiss"]
[EventRounds "7"]
[EventCountry "GER"]
[SourceTitle "CBM 220 Extra"]
[Source "ChessBase"]
[SourceDate "2024.07.31"]
[SourceVersion "1"]
[SourceVersionDate "2024.07.31"]
[SourceQuality "1"]

1. d4 e5 2. dxe5 d6 3. Nf3 Nc6 4. Nc3 Bg4 5. h3 Bxf3 6. exf3 dxe5 7. Be3 Nf6 8. Bb5 Bb4 9. 0-0 Bxc3 10. bxc3 0-0 11. Re1 Ne7 12. Bg5 Ne8 13. Qxd8 Rxd8 14. Bxe7 Rd5 15. Bxf8 Rxb5 16. Be7 f6 17. Ba3 Kf7 18. Red1 Kg6 19. g4 c6 20. Kg2 Nc7 21. h4 h5 22. Kg3 Ne6 23. Rab1 Ra5 24. Rb3 Nf4 25. gxh5+ Kxh5 26. Rd2 Nd5 27. c4 Nb6 28. c5 Nc4 29. Rdd3 Nxa3 30. Rxa3 Rxc5 31. Rxa7 Rxc2 32. Rd8 Kg6 33. Rxb7 Rxa2 34. h5+ Kxh5 35. Rxg7 Kh6 36. Rg4 Kh7 37. Rd6 c5 38. Rxf6 Ra7 39. Rf5 Kh6 40. Kh4 c4 41. Rh5# 1-0